[Event "Russian Championship (men blitz)"]
[Site "Sochi"]
[Date "2017.10.02"]
[Round "15.20"]
[White "Gubsky, Egor"]
[Black "Sarana, Alexey"]
[Result "0-1"]
[LiveChessVersion "1.4.8"]
[BlackElo "2574"]
[WhiteElo "2369"]

1. d4 {[%clk 0:03:03]} Nf6 {[%clk 0:03:03]} 2. c4 {[%clk 0:03:04]} g6
{[%clk 0:03:05]} 3. Nc3 {[%clk 0:03:06]} d5 {[%clk 0:03:06]} 4. Bg5
{[%clk 0:03:07]} Ne4 {[%clk 0:03:07]} 5. Bh4 {[%clk 0:03:08]} c5 {[%clk 0:03:08]}
6. cxd5 {[%clk 0:03:08]} Nxc3 {[%clk 0:03:09]} 7. bxc3 {[%clk 0:03:09]} Qxd5
{[%clk 0:03:10]} 8. Nf3 {[%clk 0:03:06]} Nc6 {[%clk 0:03:11]} 9. e3
{[%clk 0:03:07]} cxd4 {[%clk 0:03:12]} 10. cxd4 {[%clk 0:03:08]} e5
{[%clk 0:03:13]} 11. Be2 {[%clk 0:03:04]} Bb4+ {[%clk 0:03:13]} 12. Kf1
{[%clk 0:03:00]} exd4 {[%clk 0:03:14]} 13. Nxd4 {[%clk 0:02:56]} O-O
{[%clk 0:02:42]} 14. Bf3 {[%clk 0:02:44]} Qc4+ {[%clk 0:02:40]} 15. Qe2
{[%clk 0:02:43]} Qxe2+ {[%clk 0:02:35]} 16. Kxe2 {[%clk 0:02:40]} Nxd4+
{[%clk 0:02:34]} 17. exd4 {[%clk 0:02:40]} Re8+ {[%clk 0:02:35]} 18. Kd3
{[%clk 0:02:31]} Bf5+ {[%clk 0:02:31]} 19. Kc4 {[%clk 0:02:32]} Ba3
{[%clk 0:02:30]} 20. Bxb7 {[%clk 0:02:24]} Rab8 {[%clk 0:02:31]} 21. Bc6
{[%clk 0:02:12]} Rb4+ {[%clk 0:02:31]} 22. Kc3 {[%clk 0:02:06]} Re2
{[%clk 0:02:28]} 23. Rac1 {[%clk 0:01:54]} a5 {[%clk 0:02:27]} 24. Bf3
{[%clk 0:01:23]} Bb2# {[%clk 0:02:27]} 25. Ra1 0-1

[Event "Russian Championship (men blitz)"]
[Site "Sochi"]
[Date "2017.10.02"]
[Round "15.24"]
[White "Mnatsakanian, Arsen"]
[Black "Kozak, Alexander"]
[Result "0-1"]
[LiveChessVersion "1.4.8"]
[BlackElo "2449"]
[WhiteElo "2155"]

1. e4 {[%clk 0:03:03]} d5 {[%clk 0:03:03]} 2. exd5 {[%clk 0:03:03]} Nf6
{[%clk 0:03:04]} 3. Nc3 {[%clk 0:03:03]} Nxd5 {[%clk 0:03:05]} 4. Bc4
{[%clk 0:03:03]} Nb6 {[%clk 0:03:06]} 5. Bb3 {[%clk 0:03:04]} c5 {[%clk 0:03:07]}
6. d3 {[%clk 0:03:02]} Nc6 {[%clk 0:03:08]} 7. Nf3 {[%clk 0:03:03]} Bf5
{[%clk 0:02:56]} 8. O-O {[%clk 0:03:03]} e6 {[%clk 0:02:58]} 9. a4
{[%clk 0:02:58]} Na5 {[%clk 0:02:37]} 10. Ba2 {[%clk 0:02:58]} c4
{[%clk 0:02:33]} 11. d4 {[%clk 0:02:35]} Bb4 {[%clk 0:02:18]} 12. Ne2
{[%clk 0:02:25]} O-O {[%clk 0:02:11]} 13. Bd2 {[%clk 0:02:26]} Nc6
{[%clk 0:02:01]} 14. c3 {[%clk 0:02:08]} Be7 {[%clk 0:01:56]} 15. Bb1
{[%clk 0:02:10]} Bxb1 {[%clk 0:01:54]} 16. Qxb1 {[%clk 0:02:11]} Na5
{[%clk 0:01:53]} 17. Nc1 {[%clk 0:02:01]} Qd5 {[%clk 0:01:42]} 18. Re1
{[%clk 0:01:58]} Bf6 {[%clk 0:01:41]} 19. Bf4 {[%clk 0:01:56]} Rac8
{[%clk 0:01:32]} 20. Be5 {[%clk 0:01:55]} Be7 {[%clk 0:01:32]} 21. Qc2
{[%clk 0:01:14]} Rfd8 {[%clk 0:01:28]} 22. Qd2 {[%clk 0:01:01]} Qc6
{[%clk 0:01:20]} 23. Bg3 {[%clk 0:00:38]} Nxa4 {[%clk 0:01:12]} 24. Ne5
{[%clk 0:00:39]} Qe8 {[%clk 0:01:01]} 25. Qc2 {[%clk 0:00:29]} b5
{[%clk 0:01:02]} 26. f4 {[%clk 0:00:25]} g6 {[%clk 0:00:58]} 27. f5
{[%clk 0:00:22]} gxf5 {[%clk 0:00:56]} 28. Bf4 {[%clk 0:00:24]} Nc6
{[%clk 0:00:50]} 29. Re3 {[%clk 0:00:23]} Nxe5 {[%clk 0:00:47]} 30. Bxe5
{[%clk 0:00:23]} f6 {[%clk 0:00:44]} 31. Bf4 {[%clk 0:00:22]} Qf7
{[%clk 0:00:39]} 32. Qe2 {[%clk 0:00:23]} Rc6 {[%clk 0:00:38]} 33. Qf2
{[%clk 0:00:19]} Kh8 {[%clk 0:00:34]} 34. Ne2 {[%clk 0:00:21]} Bf8
{[%clk 0:00:30]} 35. d5 {[%clk 0:00:21]} Rxd5 {[%clk 0:00:29]} 36. Nd4
{[%clk 0:00:22]} Rb6 {[%clk 0:00:28]} 37. Rae1 {[%clk 0:00:20]} Nc5
{[%clk 0:00:27]} 38. Qg3 {[%clk 0:00:17]} Ne4 {[%clk 0:00:21]} 39. Qh4
{[%clk 0:00:17]} e5 {[%clk 0:00:17]} 40. Nxf5 {[%clk 0:00:16]} exf4
{[%clk 0:00:18]} 41. Rxe4 {[%clk 0:00:17]} Rxf5 {[%clk 0:00:19]} 42. Re8
{[%clk 0:00:18]} Rb7 {[%clk 0:00:12]} 43. Qh6 Kg8 44. Rd8 {[%clk 0:00:16]} Re5
{[%clk 0:00:13]} 45. Rxe5 {[%clk 0:00:14]} fxe5 {[%clk 0:00:15]} 46. Qg5+
{[%clk 0:00:15]} Qg7 {[%clk 0:00:14]} 47. Qf5 {[%clk 0:00:17]} Re7
{[%clk 0:00:14]} 48. Qe4 {[%clk 0:00:17]} Qf7 {[%clk 0:00:14]} 49. h4
{[%clk 0:00:16]} Kg7 {[%clk 0:00:15]} 50. h5 {[%clk 0:00:17]} Re6
{[%clk 0:00:13]} 51. Rb8 {[%clk 0:00:16]} Bc5+ {[%clk 0:00:13]} 52. Rb7
{[%clk 0:00:16]} Re7+ {[%clk 0:00:14]} 53. Rxb5 0-1

[Event "Russian Championship (men blitz)"]
[Site "Sochi"]
[Date "2017.10.02"]
[Round "16.2"]
[White "Demidov, Mikhail"]
[Black "Dubov, Daniil"]
[Result "1/2-1/2"]
[LiveChessVersion "1.4.8"]
[BlackElo "2775"]
[WhiteElo "2555"]

1. Nf3 {[%clk 0:03:02]} c5 {[%clk 0:03:03]} 2. g3 {[%clk 0:03:03]} Nc6
{[%clk 0:03:04]} 3. Bg2 {[%clk 0:03:04]} g6 {[%clk 0:03:05]} 4. O-O
{[%clk 0:03:02]} Bg7 {[%clk 0:03:07]} 5. c3 {[%clk 0:03:03]} e5 {[%clk 0:03:07]}
6. d3 {[%clk 0:02:58]} d5 {[%clk 0:03:09]} 7. e4 {[%clk 0:02:54]} Nge7
{[%clk 0:03:10]} 8. Nbd2 {[%clk 0:02:47]} O-O {[%clk 0:03:10]} 9. exd5
{[%clk 0:02:38]} Nxd5 {[%clk 0:03:11]} 10. Re1 {[%clk 0:02:39]} Re8
{[%clk 0:03:09]} 11. Nc4 {[%clk 0:02:34]} Nb6 {[%clk 0:03:08]} 12. Be3
{[%clk 0:02:02]} Nxc4 {[%clk 0:03:05]} 13. dxc4 {[%clk 0:02:03]} e4
{[%clk 0:02:59]} 14. Qxd8 {[%clk 0:01:47]} Rxd8 {[%clk 0:03:00]} 15. Ng5
{[%clk 0:01:33]} f5 {[%clk 0:03:01]} 16. Rad1 {[%clk 0:01:21]} Rxd1
{[%clk 0:02:45]} 17. Rxd1 {[%clk 0:01:22]} h6 {[%clk 0:02:45]} 18. Nh3
{[%clk 0:01:15]} g5 {[%clk 0:02:46]} 19. Bxc5 {[%clk 0:00:59]} Be6
{[%clk 0:02:47]} 20. b3 {[%clk 0:00:47]} Bxc3 {[%clk 0:02:39]} 21. f4
{[%clk 0:00:38]} Bf6 {[%clk 0:02:30]} 22. Be3 {[%clk 0:00:35]} g4
{[%clk 0:02:31]} 23. Nf2 {[%clk 0:00:35]} Nb4 {[%clk 0:02:27]} 24. Rd2
{[%clk 0:00:29]} Kf7 {[%clk 0:02:24]} 25. Nd1 {[%clk 0:00:26]} a5
{[%clk 0:02:19]} 26. Bf1 {[%clk 0:00:22]} a4 {[%clk 0:02:19]} 27. Bc5
{[%clk 0:00:20]} axb3 {[%clk 0:02:15]} 28. axb3 {[%clk 0:00:20]} Nc6
{[%clk 0:02:14]} 29. b4 {[%clk 0:00:17]} b6 {[%clk 0:02:10]} 30. Bxb6
{[%clk 0:00:15]} Nxb4 {[%clk 0:02:11]} 31. Ne3 {[%clk 0:00:13]} Ra3
{[%clk 0:01:21]} 32. Kf2 {[%clk 0:00:13]} Bc3 {[%clk 0:01:21]} 33. Rd1
{[%clk 0:00:09]} Ra2+ {[%clk 0:01:22]} 34. Kg1 {[%clk 0:00:10]} Bd2
{[%clk 0:01:20]} 35. Bc5 {[%clk 0:00:07]} Nc6 {[%clk 0:01:15]} 36. Rb1
{[%clk 0:00:06]} Ra5 {[%clk 0:01:13]} 37. Rb5 {[%clk 0:00:06]} Ra1
{[%clk 0:00:55]} 38. Rb7+ {[%clk 0:00:07]} Kf6 {[%clk 0:00:36]} 39. Nd5+
{[%clk 0:00:08]} Bxd5 {[%clk 0:00:36]} 40. cxd5 {[%clk 0:00:09]} e3
{[%clk 0:00:28]} 41. Kg2 {[%clk 0:00:06]} Ra2 {[%clk 0:00:28]} 42. Bc4
{[%clk 0:00:07]} Rc2 {[%clk 0:00:28]} 43. Bd3 {[%clk 0:00:08]} Rxc5
{[%clk 0:00:20]} 44. dxc6 {[%clk 0:00:08]} Rxc6 {[%clk 0:00:20]} 45. Rb5
{[%clk 0:00:08]} Rc3 {[%clk 0:00:22]} 46. Rxf5+ {[%clk 0:00:07]} Ke6
{[%clk 0:00:19]} 47. Re5+ {[%clk 0:00:08]} Kd6 {[%clk 0:00:20]} 48. Be2
{[%clk 0:00:09]} Rc2 {[%clk 0:00:19]} 49. Kf1 {[%clk 0:00:09]} Rc1+
{[%clk 0:00:17]} 50. Kg2 {[%clk 0:00:10]} Rc2 {[%clk 0:00:12]} 51. Kf1
{[%clk 0:00:11]} Rc1+ {[%clk 0:00:07]} 52. Kg2 {[%clk 0:00:13]} Rc2
{[%clk 0:00:05]} 53. Kf1 {[%clk 0:00:14]} Kxe5 1/2-1/2

[Event "Russian Championship (men blitz)"]
[Site "Sochi"]
[Date "2017.10.02"]
[Round "16.22"]
[White "Alexeev, Alexey"]
[Black "Novikov, Maxim"]
[Result "0-1"]
[LiveChessVersion "1.4.8"]
[BlackElo "2518"]
[WhiteElo "2264"]

1. e4 {[%clk 0:03:03]} d6 {[%clk 0:03:03]} 2. d4 {[%clk 0:03:04]} Nf6
{[%clk 0:03:05]} 3. Nc3 {[%clk 0:03:05]} e5 {[%clk 0:03:06]} 4. dxe5
{[%clk 0:03:06]} dxe5 {[%clk 0:03:07]} 5. Qxd8+ {[%clk 0:03:06]} Kxd8
{[%clk 0:03:08]} 6. Bg5 {[%clk 0:03:06]} c6 {[%clk 0:03:10]} 7. O-O-O+
{[%clk 0:03:05]} Ke8 {[%clk 0:03:11]} 8. Nf3 {[%clk 0:03:02]} Nbd7
{[%clk 0:03:12]} 9. Bh4 {[%clk 0:03:02]} Bc5 {[%clk 0:03:13]} 10. a3
{[%clk 0:02:30]} Bb6 {[%clk 0:03:12]} 11. Bc4 {[%clk 0:02:27]} Bc7
{[%clk 0:02:54]} 12. Rhe1 {[%clk 0:02:15]} Nf8 {[%clk 0:02:51]} 13. Bxf6
{[%clk 0:02:12]} gxf6 {[%clk 0:02:51]} 14. Nh4 {[%clk 0:02:12]} Be6
{[%clk 0:02:46]} 15. Bd3 {[%clk 0:01:55]} Rg8 {[%clk 0:02:42]} 16. g3
{[%clk 0:01:56]} Bb6 {[%clk 0:02:37]} 17. Rd2 {[%clk 0:01:49]} Rd8
{[%clk 0:02:34]} 18. Nf5 {[%clk 0:01:49]} Ng6 {[%clk 0:02:22]} 19. Nd1
{[%clk 0:01:46]} Ne7 {[%clk 0:02:06]} 20. Nde3 {[%clk 0:01:46]} Bxe3
{[%clk 0:02:04]} 21. Nxe3 {[%clk 0:01:44]} Nc8 {[%clk 0:01:48]} 22. Bc4
{[%clk 0:01:39]} Rxd2 {[%clk 0:01:46]} 23. Kxd2 {[%clk 0:01:40]} Nd6
{[%clk 0:01:46]} 24. Bd3 {[%clk 0:01:31]} Ke7 {[%clk 0:01:43]} 25. c3
{[%clk 0:01:26]} b6 {[%clk 0:01:35]} 26. b4 {[%clk 0:01:20]} Rc8 {[%clk 0:01:31]}
27. a4 {[%clk 0:01:17]} c5 {[%clk 0:01:29]} 28. Nd5+ {[%clk 0:01:11]} Bxd5
{[%clk 0:01:25]} 29. exd5 {[%clk 0:01:12]} cxb4 {[%clk 0:01:17]} 30. cxb4
{[%clk 0:01:12]} Nc4+ {[%clk 0:01:17]} 31. Ke2 {[%clk 0:01:06]} Nb2
{[%clk 0:01:13]} 32. Bxh7 {[%clk 0:00:54]} Rh8 {[%clk 0:01:13]} 33. Bf5
{[%clk 0:00:47]} Rxh2 {[%clk 0:01:08]} 34. a5 {[%clk 0:00:44]} Kd6
{[%clk 0:01:05]} 35. Be4 {[%clk 0:00:40]} b5 {[%clk 0:00:46]} 36. Rc1
{[%clk 0:00:26]} Nc4 {[%clk 0:00:47]} 37. Rc3 {[%clk 0:00:27]} Rh5
{[%clk 0:00:33]} 38. Rf3 {[%clk 0:00:27]} Ke7 {[%clk 0:00:32]} 39. Kd3
{[%clk 0:00:21]} Rh1 {[%clk 0:00:26]} 40. d6+ {[%clk 0:00:11]} Nxd6
{[%clk 0:00:25]} 41. Ba8 {[%clk 0:00:08]} Rb1 {[%clk 0:00:20]} 42. Kc3
{[%clk 0:00:08]} Rc1+ {[%clk 0:00:20]} 43. Kb3 {[%clk 0:00:08]} Rd1
{[%clk 0:00:17]} 44. Rc3 {[%clk 0:00:07]} Nc4 {[%clk 0:00:18]} 45. Bc6
{[%clk 0:00:07]} a6 {[%clk 0:00:18]} 46. Bb7 {[%clk 0:00:08]} Rd2
{[%clk 0:00:19]} 47. Bxa6 {[%clk 0:00:08]} Rb2# {[%clk 0:00:21]} 48. Bb7 0-1

[Event "Russian Championship (men blitz)"]
[Site "Sochi"]
[Date "2017.10.02"]
[Round "17.1"]
[White "Artemiev, Vladislav"]
[Black "Morozevich, Alexander"]
[Result "1-0"]
[LiveChessVersion "1.4.8"]
[BlackElo "2642"]
[WhiteElo "2729"]

1. Nf3 {[%clk 0:03:00]} g6 {[%clk 0:03:03]} 2. e4 {[%clk 0:03:00]} c5
{[%clk 0:03:04]} 3. Bc4 {[%clk 0:03:00]} Bg7 {[%clk 0:03:05]} 4. O-O
{[%clk 0:03:00]} Nc6 {[%clk 0:03:05]} 5. d3 {[%clk 0:02:51]} e6 {[%clk 0:03:03]}
6. c3 {[%clk 0:02:50]} Nge7 {[%clk 0:03:03]} 7. Nbd2 {[%clk 0:02:46]} O-O
{[%clk 0:03:01]} 8. Re1 {[%clk 0:02:47]} d5 {[%clk 0:02:49]} 9. Bb3
{[%clk 0:02:48]} b6 {[%clk 0:02:50]} 10. Nf1 {[%clk 0:02:48]} d4 {[%clk 0:02:42]}
11. c4 {[%clk 0:02:17]} e5 {[%clk 0:02:38]} 12. Ng3 {[%clk 0:02:18]} h6
{[%clk 0:02:29]} 13. Bd2 {[%clk 0:02:16]} Be6 {[%clk 0:02:30]} 14. Ba4
{[%clk 0:02:15]} Qd6 {[%clk 0:02:20]} 15. a3 {[%clk 0:02:10]} a5 {[%clk 0:02:16]}
16. h3 {[%clk 0:02:03]} Kh7 {[%clk 0:02:02]} 17. Rb1 {[%clk 0:01:42]} f5
{[%clk 0:01:48]} 18. exf5 gxf5 {[%clk 0:01:49]} 19. Nh4 {[%clk 0:01:13]} Rf6
{[%clk 0:01:38]} 20. f4 {[%clk 0:00:59]} Rf7 {[%clk 0:01:25]} 21. Bxc6
{[%clk 0:00:27]} Nxc6 {[%clk 0:01:24]} 22. Qh5 {[%clk 0:00:28]} Ne7
{[%clk 0:00:25]} 23. fxe5 {[%clk 0:00:24]} Bxe5 {[%clk 0:00:26]} 24. Qxh6+
{[%clk 0:00:11]} Kg8 {[%clk 0:00:27]} 25. Nf3 {[%clk 0:00:04]} Rh7
{[%clk 0:00:18]} 26. Qxh7+ {[%clk 0:00:05]} Kxh7 {[%clk 0:00:19]} 27. Rxe5
{[%clk 0:00:06]} Rg8 {[%clk 0:00:16]} 28. Rbe1 {[%clk 0:00:07]} Nc6
{[%clk 0:00:14]} 29. Rxe6 {[%clk 0:00:06]} Qxg3 {[%clk 0:00:14]} 30. Rh6+
{[%clk 0:00:07]} Kg7 {[%clk 0:00:15]} 31. Rxc6 {[%clk 0:00:08]} Kf7
{[%clk 0:00:13]} 32. Ne5+ {[%clk 0:00:07]} Ke8 {[%clk 0:00:10]} 33. Rc8+ Ke7 34.
Ng6+ {[%clk 0:00:05]} Kf7 {[%clk 0:00:08]} 35. Re7+ {[%clk 0:00:06]} Kf6
{[%clk 0:00:09]} 36. Rc6+ {[%clk 0:00:06]} Rh8 1-0

[Event "Russian Championship (men blitz)"]
[Site "Sochi"]
[Date "2017.10.02"]
[Round "17.2"]
[White "Zvjaginsev, Vadim"]
[Black "Dubov, Daniil"]
[Result "1/2-1/2"]
[LiveChessVersion "1.4.8"]
[BlackElo "2775"]
[WhiteElo "2629"]

1. e4 {[%clk 0:03:03]} c5 {[%clk 0:03:04]} 2. Nf3 {[%clk 0:03:03]} Nc6
{[%clk 0:03:05]} 3. Bb5 {[%clk 0:03:04]} g6 {[%clk 0:03:06]} 4. O-O
{[%clk 0:03:04]} Bg7 {[%clk 0:03:07]} 5. d3 {[%clk 0:03:05]} d6 {[%clk 0:03:07]}
6. Re1 {[%clk 0:02:58]} Bd7 {[%clk 0:03:08]} 7. c3 {[%clk 0:02:58]} Nf6
{[%clk 0:03:06]} 8. d4 {[%clk 0:02:58]} O-O {[%clk 0:03:06]} 9. Bxc6
{[%clk 0:02:55]} Bxc6 {[%clk 0:03:06]} 10. d5 {[%clk 0:02:57]} Bd7
{[%clk 0:03:05]} 11. h3 {[%clk 0:02:55]} b5 {[%clk 0:03:06]} 12. a4
{[%clk 0:02:43]} b4 {[%clk 0:02:59]} 13. e5 {[%clk 0:02:28]} dxe5
{[%clk 0:02:58]} 14. Nxe5 {[%clk 0:02:29]} Re8 {[%clk 0:02:39]} 15. c4
{[%clk 0:02:22]} Bf5 {[%clk 0:02:35]} 16. Nd2 {[%clk 0:02:11]} e6
{[%clk 0:02:16]} 17. g4 {[%clk 0:02:06]} Bxg4 {[%clk 0:01:44]} 18. Nxg4
{[%clk 0:01:50]} exd5 {[%clk 0:01:31]} 19. Rxe8+ {[%clk 0:01:49]} Nxe8
{[%clk 0:01:17]} 20. cxd5 {[%clk 0:01:47]} Qxd5 {[%clk 0:01:16]} 21. Ne3
{[%clk 0:01:48]} Qd7 {[%clk 0:01:04]} 22. Qg4 {[%clk 0:01:44]} f5
{[%clk 0:01:06]} 23. Qc4+ {[%clk 0:01:35]} Kh8 {[%clk 0:01:07]} 24. Qd5
{[%clk 0:01:35]} Qc8 {[%clk 0:00:37]} 25. Nec4 {[%clk 0:01:09]} Nf6
{[%clk 0:00:35]} 26. Qf7 {[%clk 0:01:07]} f4 {[%clk 0:00:32]} 27. Kg2
{[%clk 0:01:03]} Qc6+ {[%clk 0:00:30]} 28. Nf3 {[%clk 0:01:00]} Rf8
{[%clk 0:00:17]} 29. Nce5 {[%clk 0:01:00]} Qe4 {[%clk 0:00:15]} 30. Qc4
{[%clk 0:00:51]} Qxc4 {[%clk 0:00:07]} 31. Nxc4 {[%clk 0:00:51]} Nd5
{[%clk 0:00:07]} 32. Bd2 {[%clk 0:00:52]} Nb6 {[%clk 0:00:08]} 33. Nfe5
{[%clk 0:00:45]} f3+ {[%clk 0:00:09]} 34. Kg3 {[%clk 0:00:43]} Re8
{[%clk 0:00:11]} 35. Re1 {[%clk 0:00:36]} Kg8 {[%clk 0:00:10]} 36. Nxb6
{[%clk 0:00:17]} Rxe5 {[%clk 0:00:09]} 37. Nc4 {[%clk 0:00:16]} Rd5
{[%clk 0:00:08]} 38. Re8+ {[%clk 0:00:11]} Kf7 {[%clk 0:00:09]} 39. Ra8
{[%clk 0:00:13]} Bxb2 {[%clk 0:00:09]} 40. Rxa7+ {[%clk 0:00:11]} Ke6
{[%clk 0:00:10]} 41. Ra6+ {[%clk 0:00:11]} Ke7 {[%clk 0:00:10]} 42. a5
{[%clk 0:00:04]} Bc3 {[%clk 0:00:10]} 43. Bg5+ {[%clk 0:00:05]} Rxg5+
{[%clk 0:00:10]} 44. Kxf3 {[%clk 0:00:05]} b3 {[%clk 0:00:05]} 45. Rb6
{[%clk 0:00:06]} Rf5+ {[%clk 0:00:05]} 46. Ke2 {[%clk 0:00:08]} b2
{[%clk 0:00:06]} 47. a6 {[%clk 0:00:09]} Rf6 {[%clk 0:00:06]} 48. Rb7+
{[%clk 0:00:09]} Ke8 {[%clk 0:00:04]} 49. a7 {[%clk 0:00:11]} Ra6
{[%clk 0:00:05]} 50. Nxb2 {[%clk 0:00:11]} Bxb2 {[%clk 0:00:05]} 51. Rb8+
{[%clk 0:00:12]} Kf7 {[%clk 0:00:06]} 52. a8=Q {[%clk 0:00:13]} Rxa8
{[%clk 0:00:07]} 53. Rxa8 {[%clk 0:00:14]} h5 {[%clk 0:00:05]} 54. Rc8
{[%clk 0:00:14]} Bd4 {[%clk 0:00:06]} 55. f4 {[%clk 0:00:13]} Kf6
{[%clk 0:00:06]} 56. Kf3 {[%clk 0:00:15]} Ke6 {[%clk 0:00:05]} 57. Ke4
{[%clk 0:00:16]} Kf6 {[%clk 0:00:05]} 58. Rc6+ {[%clk 0:00:17]} Kf7
{[%clk 0:00:06]} 59. f5 {[%clk 0:00:15]} gxf5+ {[%clk 0:00:03]} 60. Kxf5
{[%clk 0:00:15]} Ke7 {[%clk 0:00:05]} 61. Kg5 {[%clk 0:00:15]} Kd7
{[%clk 0:00:06]} 62. Ra6 {[%clk 0:00:16]} c4 {[%clk 0:00:06]} 63. Ra4
{[%clk 0:00:13]} Be3+ {[%clk 0:00:07]} 64. Kxh5 {[%clk 0:00:14]} c3
{[%clk 0:00:08]} 65. Rc4 {[%clk 0:00:15]} Bd2 {[%clk 0:00:09]} 66. Kg6
{[%clk 0:00:13]} Kd6 {[%clk 0:00:10]} 67. Rc8 {[%clk 0:00:12]} Kd5
{[%clk 0:00:12]} 68. Kf5 {[%clk 0:00:13]} Kd4 {[%clk 0:00:12]} 69. Rd8+
{[%clk 0:00:14]} Kc4 {[%clk 0:00:12]} 70. Ke4 {[%clk 0:00:10]} c2
{[%clk 0:00:11]} 1/2-1/2

[Event "Russian Championship (men blitz)"]
[Site "Sochi"]
[Date "2017.10.02"]
[Round "17.3"]
[White "Andreikin, Dmitry"]
[Black "Fedoseev, Vladimir"]
[Result "1/2-1/2"]
[LiveChessVersion "1.4.8"]
[BlackElo "2656"]
[WhiteElo "2787"]

1. d4 {[%clk 0:03:03]} d5 {[%clk 0:03:03]} 2. c4 {[%clk 0:03:03]} e6
{[%clk 0:03:04]} 3. Nc3 {[%clk 0:03:03]} Bb4 {[%clk 0:02:55]} 4. cxd5
{[%clk 0:02:55]} exd5 {[%clk 0:02:53]} 5. Bf4 {[%clk 0:02:56]} c6
{[%clk 0:02:50]} 6. e3 {[%clk 0:02:57]} Bf5 {[%clk 0:02:26]} 7. Bd3
{[%clk 0:02:35]} Bxd3 {[%clk 0:02:25]} 8. Qxd3 {[%clk 0:02:36]} Ne7
{[%clk 0:02:12]} 9. Nge2 {[%clk 0:02:29]} Nd7 {[%clk 0:02:05]} 10. O-O
{[%clk 0:02:23]} O-O {[%clk 0:01:51]} 11. a3 {[%clk 0:02:24]} Ba5
{[%clk 0:01:47]} 12. Rfc1 {[%clk 0:02:08]} a6 {[%clk 0:01:38]} 13. Bg5
{[%clk 0:02:02]} h6 {[%clk 0:01:28]} 14. Bh4 {[%clk 0:02:03]} Qe8
{[%clk 0:01:14]} 15. Bg3 {[%clk 0:01:49]} Nf6 {[%clk 0:01:11]} 16. b4
{[%clk 0:01:46]} Bd8 {[%clk 0:01:10]} 17. a4 {[%clk 0:01:38]} Qd7
{[%clk 0:01:09]} 18. b5 {[%clk 0:01:38]} Re8 {[%clk 0:00:50]} 19. h3
{[%clk 0:01:34]} Ba5 {[%clk 0:00:26]} 20. Rab1 {[%clk 0:01:21]} Nh7
{[%clk 0:00:13]} 21. Rc2 {[%clk 0:00:55]} Ng5 {[%clk 0:00:13]} 22. bxc6
{[%clk 0:00:47]} Nxc6 {[%clk 0:00:09]} 23. Rcb2 {[%clk 0:00:48]} b6
{[%clk 0:00:11]} 24. Nf4 {[%clk 0:00:29]} Bxc3 {[%clk 0:00:11]} 25. Qxc3
{[%clk 0:00:30]} Ne4 {[%clk 0:00:13]} 26. Qd3 {[%clk 0:00:30]} Nxg3
{[%clk 0:00:13]} 27. fxg3 {[%clk 0:00:31]} Ne7 {[%clk 0:00:05]} 28. Rxb6
{[%clk 0:00:25]} Qxa4 {[%clk 0:00:07]} 29. Rb7 {[%clk 0:00:25]} Qc6
{[%clk 0:00:06]} 30. Kh2 {[%clk 0:00:23]} a5 {[%clk 0:00:08]} 31. R1b6 Qc4 32.
Qb1 {[%clk 0:00:08]} a4 {[%clk 0:00:11]} 33. Rb4 {[%clk 0:00:06]} Qc6
{[%clk 0:00:11]} 34. R4b6 {[%clk 0:00:06]} Qc8 {[%clk 0:00:09]} 35. Qb4
{[%clk 0:00:07]} a3 {[%clk 0:00:06]} 36. Rxe7 {[%clk 0:00:08]} Rxe7
{[%clk 0:00:08]} 37. Qxe7 {[%clk 0:00:09]} a2 {[%clk 0:00:09]} 38. Rb7
{[%clk 0:00:07]} Qf8 {[%clk 0:00:10]} 39. Ra7 {[%clk 0:00:07]} Qxe7
{[%clk 0:00:06]} 40. Rxa8+ {[%clk 0:00:09]} Kh7 {[%clk 0:00:07]} 41. Rxa2
{[%clk 0:00:10]} Qxe3 {[%clk 0:00:09]} 42. Nxd5 {[%clk 0:00:09]} Qxd4
{[%clk 0:00:09]} 43. Nf4 {[%clk 0:00:10]} g5 {[%clk 0:00:07]} 44. Nh5
{[%clk 0:00:10]} Kg6 {[%clk 0:00:08]} 45. Ra6+ {[%clk 0:00:09]} Kh7
{[%clk 0:00:05]} 46. Nf6+ {[%clk 0:00:09]} Kg7 {[%clk 0:00:05]} 47. Nh5+
{[%clk 0:00:09]} Kh7 {[%clk 0:00:05]} 48. Nf6+ {[%clk 0:00:06]} Kg7
{[%clk 0:00:06]} 49. Nh5+ {[%clk 0:00:07]} Kh7 {[%clk 0:00:06]} 50. Rf6
{[%clk 0:00:07]} Qc4 {[%clk 0:00:06]} 51. Rf5 {[%clk 0:00:07]} Qc7
{[%clk 0:00:05]} 52. Rf6 {[%clk 0:00:04]} Qb7 {[%clk 0:00:04]} 53. Rf3
{[%clk 0:00:05]} Kg6 {[%clk 0:00:03]} 54. Rf6+ {[%clk 0:00:04]} Kh7
{[%clk 0:00:05]} 55. Rf3 {[%clk 0:00:05]} Qc7 {[%clk 0:00:06]} 56. Nf6+
{[%clk 0:00:05]} Kg6 {[%clk 0:00:06]} 57. Nd5 {[%clk 0:00:06]} Qe5
{[%clk 0:00:07]} 58. Ne3 {[%clk 0:00:06]} h5 {[%clk 0:00:08]} 59. Nf5
{[%clk 0:00:07]} Qxf5 {[%clk 0:00:08]} 60. Rxf5 {[%clk 0:00:08]} Kxf5
{[%clk 0:00:09]} 61. Kg1 {[%clk 0:00:09]} Ke4 62. Kf2 Kd3 {[%clk 0:00:06]} 63.
Kf3 {[%clk 0:00:11]} f5 {[%clk 0:00:08]} 64. h4 {[%clk 0:00:11]} g4+
{[%clk 0:00:08]} 65. Kf4 {[%clk 0:00:12]} Ke2 {[%clk 0:00:09]} 66. Kg5
{[%clk 0:00:14]} Kf2 {[%clk 0:00:09]} 67. Kxh5 {[%clk 0:00:15]} Kxg2
{[%clk 0:00:09]} 68. Kg5 {[%clk 0:00:14]} Kxg3 {[%clk 0:00:08]} 69. h5
{[%clk 0:00:15]} Kf3 {[%clk 0:00:05]} 70. h6 {[%clk 0:00:16]} g3 {[%clk 0:00:06]}
71. h7 {[%clk 0:00:17]} g2 {[%clk 0:00:07]} 72. h8=Q {[%clk 0:00:17]} g1=Q+
{[%clk 0:00:08]} 73. Kxf5 {[%clk 0:00:13]} Qb1+ {[%clk 0:00:09]} 74. Ke6
{[%clk 0:00:14]} 1/2-1/2

[Event "Russian Championship (men blitz)"]
[Site "Sochi"]
[Date "2017.10.02"]
[Round "18.16"]
[White "Korchmar, Vasiliy"]
[Black "Hasangatin, Ramil"]
[Result "1-0"]
[LiveChessVersion "1.4.8"]
[BlackElo "2560"]
[WhiteElo "2432"]

1. d4 {[%clk 0:03:03]} d6 {[%clk 0:03:04]} 2. e4 {[%clk 0:03:04]} Nf6
{[%clk 0:03:05]} 3. Nc3 {[%clk 0:03:05]} g6 {[%clk 0:03:07]} 4. f4
{[%clk 0:03:06]} Bg7 {[%clk 0:03:08]} 5. Nf3 {[%clk 0:03:08]} O-O
{[%clk 0:03:09]} 6. Bd3 {[%clk 0:03:09]} Na6 {[%clk 0:03:10]} 7. O-O
{[%clk 0:03:09]} c5 {[%clk 0:03:11]} 8. d5 {[%clk 0:03:10]} Bg4 {[%clk 0:03:13]}
9. Kh1 {[%clk 0:03:10]} Rb8 {[%clk 0:02:56]} 10. a3 {[%clk 0:03:02]} Nc7
{[%clk 0:02:56]} 11. Qe1 {[%clk 0:02:46]} b5 {[%clk 0:02:49]} 12. f5
{[%clk 0:02:44]} c4 {[%clk 0:02:43]} 13. Be2 {[%clk 0:02:45]} Bxf3
{[%clk 0:02:40]} 14. Rxf3 {[%clk 0:02:25]} Kh8 {[%clk 0:02:19]} 15. Qh4
{[%clk 0:02:20]} Rg8 {[%clk 0:02:20]} 16. Bg5 {[%clk 0:02:04]} Bf8
{[%clk 0:01:03]} 17. Rh3 {[%clk 0:01:49]} Nce8 {[%clk 0:01:01]} 18. Rf1
{[%clk 0:01:47]} Rg7 {[%clk 0:00:59]} 19. g4 {[%clk 0:01:36]} b4 {[%clk 0:00:53]}
20. axb4 {[%clk 0:01:19]} Rxb4 {[%clk 0:00:31]} 21. Bh6 {[%clk 0:01:20]} Rxb2
{[%clk 0:00:23]} 22. g5 {[%clk 0:01:08]} Nh5 {[%clk 0:00:20]} 23. Bxh5
{[%clk 0:01:05]} gxh5 {[%clk 0:00:21]} 24. Qxh5 {[%clk 0:01:03]} Kg8
{[%clk 0:00:21]} 25. Bxg7 {[%clk 0:01:01]} Bxg7 {[%clk 0:00:23]} 26. Qxh7+
{[%clk 0:01:02]} Kf8 {[%clk 0:00:24]} 27. Ne2 {[%clk 0:00:49]} Qb6
{[%clk 0:00:18]} 28. Nf4 {[%clk 0:00:43]} Rb1 {[%clk 0:00:19]} 29. Rhf3
{[%clk 0:00:44]} Rxf1+ 30. Rxf1 {[%clk 0:00:44]} Qe3 {[%clk 0:00:17]} 31. Ne6+
{[%clk 0:00:35]} fxe6 {[%clk 0:00:17]} 32. fxe6+ {[%clk 0:00:36]} Nf6
{[%clk 0:00:15]} 33. Qg6 {[%clk 0:00:28]} Kg8 {[%clk 0:00:13]} 34. gxf6
{[%clk 0:00:29]} 1-0